| 000 | 00715nam a2200253 a 4500 | ||
|---|---|---|---|
| 001 | adlib96000001 | ||
| 003 | ViArRB | ||
| 005 | 200902210153555.7 | ||
| 008 | 960221s1955 dcuabcdjdbkoqu001 0deng d | ||
| 020 | _a | ||
| 022 | _a | ||
| 040 | _aAdlib | ||
| 082 | _a89H.09 | ||
| 245 | _aHindi Mem Sahityetar Anuvad Ki Samasyayem | ||
| 250 | _a | ||
| 260 |
_aKochi _bDepartment of Hindi, CUSAT _c1996 |
||
| 300 |
_a246p. _c |
||
| 500 | _a Guide : N G Devaki | ||
| 100 |
_aOmana P V _e |
||
| 700 |
_a _a |
||
| 942 | _cREF | ||
| 653 |
_aCriticism-Hindi literature _aCriticism - Hindi Literature |
||
| 952 |
_w2010-06-16 _pg0005631 _r2010-06-16 _40 _00 _bUL _10 _o89H.09 OMA T _d2010-06-16 _70 _yREF _aUL |
||
| 999 |
_c38915 _d38914 |
||